<?xml version="1.0" encoding="UTF-8"?><?xml-stylesheet type="text/xsl" href="static/style.xsl"?><OAI-PMH xmlns="http://www.openarchives.org/OAI/2.0/" xmlns:xsi="http://www.w3.org/2001/XMLSchema-instance" xsi:schemaLocation="http://www.openarchives.org/OAI/2.0/ http://www.openarchives.org/OAI/2.0/OAI-PMH.xsd"><responseDate>2026-04-27T23:23:38Z</responseDate><request verb="GetRecord" identifier="oai:uvadoc.uva.es:10324/58191" metadataPrefix="marc">https://uvadoc.uva.es/oai/request</request><GetRecord><record><header><identifier>oai:uvadoc.uva.es:10324/58191</identifier><datestamp>2025-03-26T19:45:13Z</datestamp><setSpec>com_10324_28447</setSpec><setSpec>com_10324_5186</setSpec><setSpec>com_10324_29291</setSpec><setSpec>col_10324_58179</setSpec></header><metadata><record xmlns="http://www.loc.gov/MARC21/slim" xmlns:doc="http://www.lyncode.com/xoai" xmlns:xsi="http://www.w3.org/2001/XMLSchema-instance" xmlns:dcterms="http://purl.org/dc/terms/" xsi:schemaLocation="http://www.loc.gov/MARC21/slim http://www.loc.gov/standards/marcxml/schema/MARC21slim.xsd">
<leader>00925njm 22002777a 4500</leader>
<datafield tag="042" ind1=" " ind2=" ">
<subfield code="a">dc</subfield>
</datafield>
<datafield tag="720" ind1=" " ind2=" ">
<subfield code="a">Llorens Cubedo, Dídac</subfield>
<subfield code="e">author</subfield>
</datafield>
<datafield tag="260" ind1=" " ind2=" ">
<subfield code="c">2022</subfield>
</datafield>
<datafield tag="520" ind1=" " ind2=" ">
<subfield code="a">Syrie James’s The Secret Diaries of Charlotte Brontë (2009) is a first-person narrative of the last ten years of the Victorian novelist’s life. It is a neo-Victorian celebrity biofiction, tending to the hagiographic. It draws on various biographies of Brontë, on her letters and on her autobiographical novels. Interestingly, it also evokes Jane Austen’s Pride and Prejudice, a novel that Brontë famously disliked. The present article considers Secret Diaries within the parameters of neo-Victorian biofiction; it identifies parallelisms with Austen’s classic; it reassesses the relationship between Brontë and Austen; and, in doing all this, shows that the chronological scope of Neo-Victorianism is broad.</subfield>
</datafield>
<datafield tag="024" ind2=" " ind1="8">
<subfield code="a">ES Review. Spanish Journal of English Studies; No. 43 (2022) pags. 63-85</subfield>
</datafield>
<datafield tag="024" ind2=" " ind1="8">
<subfield code="a">2531-1654</subfield>
</datafield>
<datafield tag="024" ind2=" " ind1="8">
<subfield code="a">2531-1646</subfield>
</datafield>
<datafield tag="024" ind2=" " ind1="8">
<subfield code="a">https://uvadoc.uva.es/handle/10324/58191</subfield>
</datafield>
<datafield tag="024" ind2=" " ind1="8">
<subfield code="a">10.24197/ersjes.43.2022.63-85</subfield>
</datafield>
<datafield tag="024" ind2=" " ind1="8">
<subfield code="a">63</subfield>
</datafield>
<datafield tag="024" ind2=" " ind1="8">
<subfield code="a">43</subfield>
</datafield>
<datafield tag="024" ind2=" " ind1="8">
<subfield code="a">85</subfield>
</datafield>
<datafield ind1=" " ind2=" " tag="653">
<subfield code="a">Filología Inglesa</subfield>
</datafield>
<datafield tag="245" ind1="0" ind2="0">
<subfield code="a">Syrie James’s The Secret Diaries of Charlotte Brontë: A Neo-Victorian Biofiction of Pride and Prejudice</subfield>
</datafield>
</record></metadata></record></GetRecord></OAI-PMH>